000 00310nam a2200121Ia 4500
008 211105s9999 xx 000 0 und d
020 _aVYASA12725
100 _aKangle R P
245 0 _aSureasvara'S Vartika On Udgitha Brahmana
250 _a1st
260 _bMotilal Banarsidass Publishers
_c\N
300 _a172
999 _c11080
_d11080